Caricamento...

Evolutionary ecology and human behavior /

Dettagli Bibliografici
Autore principale: Smith,Eric Alden (Editor)
Natura: Printed Book
Pubblicazione: New York : Aldine de Gruyter, c1992.
Serie:Foundations of human behavior
Soggetti:
LEADER 00706fam a2200205 a 4500
020 |a 0202011836 (cloth : alk. paper) 
082 0 0 |a 304.2  |b SMI/E 
100 |a Smith,Eric Alden (Editor) 
245 0 0 |a Evolutionary ecology and human behavior / 
260 |a New York :  |b Aldine de Gruyter,  |c c1992. 
300 |a xv, 470 p. : 
490 1 |a Foundations of human behavior 
650 0 |a Human evolution 
650 0 |a Human ecology. 
650 0 |a Social evolution. 
650 0 |a Behavior evolution. 
650 0 |a Sociobiology. 
942 |c BK 
999 |c 95033  |d 95033 
952 |0 0  |1 0  |4 0  |6 304_200000000000000_SMI_E  |7 0  |9 87697  |a SSS  |b SSS  |c GEN  |d 2011-07-28  |g 188.00  |l 1  |o 304.2 SMI/E  |p SSS01339  |r 2013-09-10  |s 2013-08-29  |w 2011-07-28  |y BK